[Event "Miskolc Avas op-B"]
[Site "Miskolc"]
[Date "2000.06.22"]
[Round "5.4"]
[White "Baranyi, Jozsef"]
[Black "Szucs, Bela"]
[Result "0-1"]
[WhiteElo "1880"]
[BlackElo "1911"]
[PlyCount "130"]
[EventDate "2000.06.25"]
[EventType "swiss"]
[EventRounds "9"]
[EventCountry "HUN"]
[SourceTitle "EXT 2004"]
[Source "ChessBase"]
[SourceDate "2003.11.25"]
[SourceVersion "1"]
[SourceVersionDate "2003.11.25"]
[SourceQuality "1"]

1. e4 e5 2. Nf3 Nc6 3. Bb5 a6 4. Ba4 Nf6 5. 0-0 b5 6. Bb3 Be7 7. Re1 d6 8. h3 Na5 9. c3 Nxb3 10. axb3 c5 11. d4 Qc7 12. Na3 Bd7 13. Bg5 0-0 14. dxe5 dxe5 15. c4 Bc6 16. Bxf6 Bxf6 17. Qe2 Rab8 18. cxb5 axb5 19. Rac1 Be7 20. Nc2 f6 21. Nh4 Rfd8 22. Nf5 Bf8 23. Red1 Qb7 24. f3 Qb6 25. Kh2 g6 26. Nfe3 Bh6 27. Rxd8+ Rxd8 28. Rd1 Bf4+ 29. g3 Bh6 30. Ng4 Bg7 31. Rxd8+ Qxd8 32. Qe3 h5 33. Nf2 Qd6 34. Nd3 c4 35. bxc4 bxc4 36. Ndb4 Ba4 37. Qc3 Bb3 38. Nd5 Qc5 39. Kg2 f5 40. Na1 Bd1 41. b4 Qb5 42. Ne3 Be2 43. Nac2 fxe4 44. fxe4 Qb7 45. Nd5 Qf7 46. Ne1 Qf1+ 47. Kh2 Qf2+ 48. Ng2 Bd3 49. Qe1 Qd4 50. Nc3 Bh6 51. Nh4 Kh7 52. Nf3 Qd6 53. Nd5 g5 54. Qe3 Kg6 55. g4 hxg4 56. hxg4 Qe6 57. Kg3 Bc2 58. b5 Ba4 59. b6 Bc6 60. Nc7 Qf6 61. Qc5 Bxe4 62. Nxe5+ Kh7 63. Qd4 Qf4+ 64. Kh3 Bg2+ 65. Kxg2 Qxd4 0-1

[Event "Miskolc Avas op-B"]
[Site "Miskolc"]
[Date "2000.06.21"]
[Round "4.2"]
[White "Szucs, Bela"]
[Black "Fekete, Sandor"]
[Result "1/2-1/2"]
[WhiteElo "1911"]
[BlackElo "1810"]
[PlyCount "160"]
[EventDate "2000.06.25"]
[EventType "swiss"]
[EventRounds "9"]
[EventCountry "HUN"]
[SourceTitle "EXT 2004"]
[Source "ChessBase"]
[SourceDate "2003.11.25"]
[SourceVersion "1"]
[SourceVersionDate "2003.11.25"]
[SourceQuality "1"]

1. d4 d5 2. c4 e6 3. Nc3 Nf6 4. Nf3 Nbd7 5. Bg5 c6 6. c5 Be7 7. b4 0-0 8. e3 Re8 9. Bd3 Nf8 10. Ne5 N6d7 11. Bf4 Nxe5 12. Bxe5 Ng6 13. Bg3 Bf6 14. f4 Ne7 15. 0-0 Nf5 16. Bf2 g6 17. g4 Ne7 18. Qf3 Bg7 19. Rab1 b5 20. Be1 Bd7 21. Ne2 f5 22. g5 Kf7 23. h4 h5 24. Nc1 Bf8 25. Nb3 Ng8 26. Na5 Qc8 27. Qd1 Be7 28. Rf2 Bd8 29. Nb3 Ne7 30. Rg2 Bc7 31. Be2 Rh8 32. Rc1 Qd8 33. Bd3 Qb8 34. Rgc2 a6 35. Ra1 Qb7 36. a3 Ra7 37. Rca2 Kg7 38. Bc3 Rha8 39. Be2 Be8 40. Bf3 Bd8 41. Bg2 Bc7 42. Qd2 Bd7 43. Bf1 Bd8 44. Kg2 Nc8 45. Be2 Be8 46. Kh3 Kh7 47. Rg1 Ne7 48. Qe1 Bc7 49. Bf3 Qb8 50. Rag2 Bf7 51. Qd1 Qe8 52. Qe2 Bd8 53. Qa2 Bc7 54. Be2 Bd8 55. a4 Bc7 56. a5 Bd8 57. Nd2 Rd7 58. Nf1 Kg7 59. Ba1 Qh8 60. Ng3 Bc7 61. Bf3 Rg8 62. Qe2 Bd8 63. Kh2 Qh7 64. Rf2 Kf8 65. Kg2 Be8 66. Kf1 Rg7 67. Rfg2 Qg8 68. Bc3 Bc7 69. Ke1 Bd8 70. Kd2 Bf7 71. Kc2 Bc7 72. Be1 Bd8 73. Nh1 Bc7 74. Nf2 Be8 75. Nd3 Bb8 76. Rf1 Bf7 77. Rgf2 Bc7 78. Bc3 Ke8 79. Qe1 Kd8 80. Nb2 Kc8 1/2-1/2

[Event "Miskolc Avas op-B"]
[Site "Miskolc"]
[Date "2000.06.21"]
[Round "3.2"]
[White "Szucs, Bela"]
[Black "Vodila, Sandor"]
[Result "1/2-1/2"]
[WhiteElo "1911"]
[BlackElo "1822"]
[PlyCount "58"]
[EventDate "2000.06.25"]
[EventType "swiss"]
[EventRounds "9"]
[EventCountry "HUN"]
[SourceTitle "EXT 2004"]
[Source "ChessBase"]
[SourceDate "2003.11.25"]
[SourceVersion "1"]
[SourceVersionDate "2003.11.25"]
[SourceQuality "1"]

1. Nf3 d5 2. g3 Nf6 3. d4 Bf5 4. Bg2 e6 5. 0-0 c5 6. Bg5 Nc6 7. c3 cxd4 8. cxd4 Be7 9. Nbd2 h6 10. Bxf6 Bxf6 11. Qa4 0-0 12. Nb3 Be7 13. Ne5 Nxe5 14. dxe5 Bc2 15. Qd4 Bxb3 16. axb3 a5 17. e4 dxe4 18. Qxe4 Qb6 19. Qf3 Qb5 20. Rfe1 b6 21. Bf1 Qd7 22. Rad1 Qc7 23. Bd3 Bc5 24. Qe4 g6 25. h4 Qe7 26. Kg2 Rad8 27. Qf4 Kg7 28. Bc4 Rxd1 29. Rxd1 Rd8 1/2-1/2

[Event "Miskolc Avas op-B"]
[Site "Miskolc"]
[Date "1999.07.04"]
[Round "9"]
[White "Kiss, Ferenc"]
[Black "Szucs, Bela"]
[Result "0-1"]
[WhiteElo "1783"]
[BlackElo "1941"]
[PlyCount "64"]
[EventDate "1999.06.30"]
[EventType "swiss"]
[EventRounds "9"]
[EventCountry "HUN"]
[SourceTitle "EXT 2004"]
[Source "ChessBase"]
[SourceDate "2003.11.25"]
[SourceVersion "1"]
[SourceVersionDate "2003.11.25"]
[SourceQuality "1"]

1. e4 d6 2. d4 Nf6 3. Bd3 g6 4. Nf3 Bg7 5. 0-0 0-0 6. c4 c6 7. Nc3 Qb6 8. Na4 Qc7 9. h3 Nbd7 10. Be3 a6 11. Nc3 b5 12. b4 Bb7 13. Qd2 bxc4 14. Bxc4 c5 15. bxc5 Nxe4 16. Nxe4 Bxe4 17. Ng5 Bc6 18. cxd6 Qxd6 19. f4 e6 20. Rad1 Nb6 21. Bb3 Bb5 22. Rf2 Nc4 23. Bxc4 Bxc4 24. Qa5 Bd5 25. Rb2 h6 26. Rb6 Qd8 27. Nf3 Bxa2 28. Ra1 Bc4 29. Ne5 Bb5 30. Nc6 Bxc6 31. Rxc6 Bxd4 32. Qxd8 Bxe3+ 0-1

[Event "Miskolc Avas op-B"]
[Site "Miskolc"]
[Date "1999.07.01"]
[Round "5"]
[White "Szucs, Bela"]
[Black "Elek, Emese"]
[Result "1/2-1/2"]
[WhiteElo "1941"]
[BlackElo "1798"]
[PlyCount "67"]
[EventDate "1999.06.30"]
[EventType "swiss"]
[EventRounds "9"]
[EventCountry "HUN"]
[SourceTitle "EXT 2004"]
[Source "ChessBase"]
[SourceDate "2003.11.25"]
[SourceVersion "1"]
[SourceVersionDate "2003.11.25"]
[SourceQuality "1"]

1. e4 d5 2. exd5 Qxd5 3. Nc3 Qa5 4. d4 Nf6 5. Bd2 Bg4 6. Be2 Bxe2 7. Qxe2 Nc6 8. Qb5 Qxb5 9. Nxb5 0-0-0 10. c3 a6 11. Na3 e5 12. Nf3 exd4 13. 0-0 Bxa3 14. bxa3 dxc3 15. Bxc3 Rd3 16. Bb2 Rhd8 17. h3 Ne4 18. Rfe1 f5 19. Rac1 g5 20. Ne5 Nxe5 21. Bxe5 c6 22. f3 Nd6 23. Bf6 Rg8 24. Re7 Rg6 25. Be5 h6 26. Rb1 Nc4 27. Bg3 f4 28. Bf2 b5 29. Rbe1 Rd7 30. Re8+ Rd8 31. R8e7 h5 32. Ra7 Rgd6 33. Ree7 R6d7 34. Ra8+ 1/2-1/2

[Event "HUN-chT4"]
[Site "Hungary"]
[Date "1997.??.??"]
[Round "?"]
[White "Szucs, Bela"]
[Black "More, Gyorgy"]
[Result "0-1"]
[WhiteElo "2045"]
[BlackElo "2115"]
[PlyCount "88"]
[EventDate "1997.??.??"]
[EventType "team"]
[EventRounds "9"]
[EventCountry "HUN"]
[SourceTitle "EXT 2006"]
[Source "ChessBase"]
[SourceDate "2005.11.24"]
[SourceVersion "1"]
[SourceVersionDate "2005.11.24"]
[SourceQuality "1"]

1. e4 g6 2. d4 Bg7 3. Nf3 d6 4. Bd3 Nf6 5. c3 0-0 6. 0-0 Nbd7 7. Bg5 h6 8. Bd2 e5 9. h3 Nh5 10. Re1 a6 11. a4 c5 12. d5 Nf4 13. Bxf4 exf4 14. Nbd2 Rb8 15. a5 g5 16. Nc4 Qe7 17. Nh2 Ne5 18. Nxe5 Bxe5 19. Qh5 Kg7 20. Nf3 Bd7 21. Ra2 f6 22. Nh2 Be8 23. Qd1 h5 24. Be2 Rh8 25. f3 Bd7 26. Qc2 Qe8 27. Qb3 Qd8 28. Qc2 Qc8 29. Rc1 c4 30. Bd1 Qc5+ 31. Qf2 Rhc8 32. Qxc5 Rxc5 33. Rca1 f5 34. Bc2 g4 35. fxg4 fxg4 36. hxg4 hxg4 37. Bd1 g3 38. Ng4 Rh8 39. Nxe5 dxe5 40. Bf3 Kf6 41. Ra3 Rc7 42. b4 cxb3 43. Rxb3 Bb5 44. c4 Rch7 0-1